=LDR 00000nam 2200000 4500 =001 INLIS000000000016488 =005 20210420075342 =035 ##$$a 0010-061300000016488 =008 210420################g##########0#ind## =041 ##$$a Ind =082 ##$$a 338.642 =090 ##$$a 746, Ely j =100 ##$$a Elyas, Nurdin =245 1#$$a Jurus cepat menjadi jutawan melalui home industri /$c Nurdin Elyas =260 ##$$a Yogyakarta :$b Absolut,$c 2003 =300 ##$$a 195 hlm, ; $c 20 x 12 cm. =650 #4$$a Industri Kecil =850 ##$$a NBPNMAT =084 ##$$a 338.642 ELY j =990 ##$$a 10405832 =990 ##$$a 28902890 =990 ##$$a 10405833 =990 ##$$a 10405832